Estadísticas para Geografía por Imágenes- L

Haz click aquí para intentar la prueba.

Estadísticas generales

  • Esta prueba ha sido intentada 2.404 veces
  • La puntuación promedio es 11 de 18

Estadísticas de respuestas

Respuesta% Correcto
Las Vegas
96%
Los Ángeles
95%
Líbano
94%
Lesoto
91%
Liberia
81%
León
77%
Luisiana
77%
Longitud
71%
Lira
69%
Londres
66%
Lima
62%
Laponia
60%
Leningrado
48%
Laguna
45%
Luxor
44%
Luzón
26%
Lhasa
23%
Ládoga
22%

Distribución de puntuación

Porcentaje por número respondido

Porcentaje de gente con cada puntuación

Historial de tus puntuaciones

No has intentado esta prueba.